| 000 | 00715cac a22002051u 4500 | ||
|---|---|---|---|
| 008 | 081105t1998 xxu||||| |||| 00| 0 eng d | ||
| 010 | _a011303697 | ||
| 020 | _a0139087400 (pbk) | ||
| 082 |
_a004 _bAYR |
||
| 100 |
_aAyres, Robert, Ph. D. _917887 |
||
| 245 |
_aThe Essence of Professional Issues in Computing / _cRobert Ayres. |
||
| 260 |
_aLondon : _bPrentice Hall, _c1998. |
||
| 300 |
_axv, 210 p. ; _c24 cm. |
||
| 490 |
_a( The essence of computing series) _917888 |
||
| 500 | _aDistributer: Baccah. | ||
| 504 | _aIncludes bibliographical references and index. | ||
| 650 |
_aComputer science -- Social aspects. _917889 |
||
| 650 |
_917890 _aComputer software _xDevelopment |
||
| 942 |
_cBB _k004 AYR _2ddc |
||
| 999 |
_c8053 _d8053 |
||